Bleach, de A à Z - Statistiques

Statistiques générales
  • Ce quiz a été pris 294 fois
  • Le résultat moyen est 15 sur 26
Statistiques - réponses
Indices Réponses % Correct
Capitaine de la 5ème division, révélera sa traîtrise au terme de l'arc Soul Society Aizen
100%
Surnom de l utilisateur du Brazo Izquierdo De Gigante Chad
83%
Tenant d'une boutique, scientifique et ancien capitaine de division Urahara
79%
Shinigami qui conféra ses pouvoirs à Ichigo Rukia
78%
Arrancar, rival d'Ichigo qui se joindra à lui dans la bataille de l'arc final Grimmjow
76%
Peluche porteuse d'une âme artificielle Kon
75%
Son Bankai permet de lancer un missile sur l'adversaire Soi Fon
71%
Archer de talent à lunettes Ishida
70%
Ancienne espada, d abord rencontrée dans sa forme enfantine Nelliel
69%
Lame indissociable des Shinigamis, peut se transformer Zanpakuto
68%
Manieur du plus puissant des sabres de glace Hitsugaya
65%
Produit ménager, traduction française du terme Bleach Javel
65%
Directeur du bureau de développement technique, particulièrement froid et cruel Mayuri
65%
Humains capables d'absorber et d'utiliser le Reishi pour en faire des armes Quincy
64%
Jouait souvent à chat avec Yoruichi étant jeune Byakuya
62%
Lettre attribuée au Stern Ritter Lille Barrow X
60%
Humain dont les ancêtres ont été attaqués par des Hollow et ayant obtenu une capacité unique Fullbringer
53%
Forteresse et base des opérations des Arrancars Las Noches
51%
Acolyte et lieutenant de Kenpachi Zaraki Yachiru
49%
L'un de ses pouvoirs permet de rejeter la réalité Orihime
42%
Amie d'Ichigo et Orihime fréquentant le même lycee Tatsuki
41%
Dimension où résident le Roi spirituel et sa garde Palais Royal
30%
Sa resureccion "Extinguir" a été créée dans le but de sceller les flammes du Capitaine Commandant Yamamoto Wonderweiss
28%
Nom de l'armée de Yhwach Vandenreich
27%
Houkiboshi, Thank you, My pace, sont certains de l'animé Ending
24%
S écrit souvent "spirits are always with you" Don Kanonji
22%
Aucun quiz correspondant
Distribution des résultats
% des personnes avec chaque résultat
Percentile par nombre de réponses
Votre historique - résultats
Vous n’avez pas pris ce quiz